Statistiques concernant Monologue d’Otis dans Mission Cléopâtre

Cliquez ici pour prendre le quiz!

Statistiques générales

  • Ce quiz a été pris 127 fois
  • Le résultat moyen est 171 sur 228

Statistiques - réponses

HintRéponse% Correct
À
100%
A
100%
J’
99%
M’
99%
D’
98%
Je
98%
C’
96%
De
96%
L’
96%
Ma
96%
N’
96%
Ai
94%
94%
Ou
94%
Qu’
94%
Est
93%
Il
93%
Ne
93%
Pas
93%
Vie
93%
Des
92%
92%
La
92%
Vous
92%
Bonne
91%
Mauvaise
91%
Si
91%
Y
91%
Situation
89%
Devais
87%
Moi
87%
On
87%
Qui
87%
Savez
87%
Ait
86%
Et
86%
Crois
85%
Rencontres
85%
Résumer
85%
Que
84%
Au
82%
Dirais
81%
Le
80%
Ont
80%
Un
80%
Abord
79%
Gens
79%
Main
79%
Me
79%
Tendu
79%
Moment
78%
Tu
78%
Ce
75%
Se
75%
Amour
74%
.Mais
73%
Avec
72%
Chante
72%
Aujourd’hui
71%
Suis
69%
Danse
68%
Dis
68%
Étais
68%
Seul
67%
Chez
66%
En
66%
Bien
65%
Mon
65%
Pouvais
64%
Goût
62%
Les
62%
Chose
61%
Merci
61%
Une
61%
Dire
60%
Quand
60%
Comme
58%
Faite
58%
Don
56%
Pour
56%
Alors
54%
Interlocuteur
53%
Miroir
53%
Trouve
53%
Cas
52%
Face
52%
Peut-être
52%
Avoir
51%
Lui
51%
Aide
49%
Assez
49%
Forgent
49%
Comment
48%
Beau
47%
Destinée
47%
Disais
47%
Soi
47%
Fais
46%
Geste
46%
Hasards
46%
Pu
46%
Contraire
45%
Curieux
45%
Cette
44%
Humanité
44%
Parce
44%
Avancer
42%
Disent
41%
Leur
41%
Parfois
41%
Donc
40%
Eh
39%
Simplement
39%
Beaucoup
38%
Mécanique
36%
Puisque
36%
Réponds
36%
Faire
35%
Construction
34%
Poussé
34%
Très
34%
Entreprendre
33%
Sait
33%
Demain
32%
Finalement
31%
Mettre
28%
Communauté
27%
Service
27%

Distribution des résultats

Percentile par nombre de réponses

% des personnes avec chaque résultat

Votre développement - résultats

Vous n’avez pas pris ce quiz